Detention and Arrest

Detalles Bibliográficos
Autor principal: Coughlan, Steve
Otros Autores: Luther, Glen
Formato: eBook
Lenguaje:inglés
Publicado: Toronto: Irwin Law Inc., 2017
Edición:Segunda Edicin̤
Materias:
Acceso en línea:Acceso restringido

MARC

LEADER 00000nam a22000007a 4500
005 20210809224718.0
007 cr|||| ||||
008 210809s2017 ca |||||s|||| 00||0 eng d
020 |a 9781552214497 
035 |a 34958 
040 |a vLex 
090 |c 11941  |d 11941 
100 1 |a Coughlan, Steve 
245 1 0 |a Detention and Arrest  |h [Recurso electrn̤ico] /  |c Steve Coughlan, Glen Luther 
250 |a Segunda Edicin̤ 
256 |a Servicio en ln̕ea 
260 |a Toronto:  |b Irwin Law Inc.,  |c 2017 
300 |a 1 recurso electrn̤ico 
500 |a The criminal justice system aims to maintain a balance between the individual interest of private citizens to carry on their lives free from state interference, and the communal interest in maintaining a safe society. These two goals come into conflict with each other most visibly when agents of the state physically take control of private citizens — that is, when they exercise their powers to detain or to arrest. The book focuses on “street-level” encounters: detentions and arrests that occur in the course of investigating crime and laying charges. The authors explore the initial interaction between agents of the state or others authorized to detain and arrest, and the private citizens whose liberty is interfered with. It is at that point that the balance between societal safety and individual liberty is most keenly in play. This second edition has been updated to incorporate significant changes which have taken place with regard to statutory powers (the new citizen’s arrest power and others), to common law powers (powers of detention, safety searches, search incident to arrest, etc.) and to Charter rights (freedom from arbitrary detention, right to counsel, and so on). 
506 1 |a Disponible solo en los productos indicados  |d vLex Global  |d vLex Global (Academic Edition, excluding Law Schools)  |d vLex Global (U.S. Academic Edition, Law Schools)  |d vLex Global (U.S. Academic Edition, excluding Law Schools)  |d vLex Global (Academic Edition, Law Schools) 
650 0 4 |a Derecho Penal  |z Canad̀ 
650 0 4 |a Derecho Constitucional  |z Canad̀ 
650 0 4 |a Procedimiento Penal  |z Canad̀ 
700 1 |a Luther, Glen 
740 0 |a vLex Libros (Servicio en ln̕ea) 
856 4 0 |u https://app.vlex.com/#/sources/34958  |z Acceso restringido 
942 |c BOOK 
999 0 |a Criminal Law 
999 0 |a Constitutional Law 
999 0 |a Criminal Procedure